[Event "GER-chT Federal Cup (Women)"]
[White "Steinbacher, Claudia"]
[Black "Doluhanova, Evgeniya"]
[Site "Braunfels"]
[Round "4.9"]
[Result "0-1"]
[Date "2022.06.18"]
[WhiteElo "2020"]
[BlackElo "2270"]
[PlyCount "232"]
[EventDate "2022.06.15"]
[EventType "team-swiss"]
[EventRounds "5"]
[EventCountry "GER"]
[SourceTitle "EXT 2023"]
[Source "ChessBase"]
[SourceDate "2022.10.05"]
[SourceVersion "1"]
[SourceVersionDate "2022.10.05"]
[SourceQuality "1"]

1. d4 Nf6 2. c4 e6 3. Nf3 b6 4. Nc3 Bb7 5. Bg5 Bb4 6. Rc1 h6 7. Bxf6 Qxf6 8. a3 Bxf3 9. gxf3 Bxc3+ 10. Rxc3 Nc6 11. e3 e5 12. dxe5 Nxe5 13. f4 Ng6 14. Bg2 Rd8 15. Qg4 0-0 16. 0-0 Rfe8 17. Rd1 Nh4 18. Bh1 c6 19. h3 Re6 20. Kh2 Ng6 21. Rc2 Rd6 22. Rcd2 Rxd2 23. Rxd2 c5 24. b3 d6 25. Qd1 Ne7 26. Qc2 g5 27. fxg5 hxg5 28. Qe4 Ng6 29. Qf3 Kg7 30. Qxf6+ Kxf6 31. Kg3 Ke7 32. f4 gxf4+ 33. exf4 Rg8 34. Bd5 Kf6 35. Be4 Nf8+ 36. Kf3 Ke7 37. h4 Ne6 38. Rh2 Nd4+ 39. Kf2 Rh8 40. b4 Rh6 41. h5 Kf8 42. Kg3 Re6 43. Bd5 Rf6 44. Kg4 Kg7 45. Rf2 Rh6 46. b5 Rh8 47. a4 Rg8 48. Kg5 f6+ 49. Kg4 Re8 50. Ra2 Re2 51. Ra3 Kh6 52. Bf7 Nc2 53. Rd3 Re7 54. Bg6 Ne3+ 55. Kh4 Nxc4 56. Rd5 Re3 57. Bd3 Nb2 58. Bf5 Nc4 59. Bd3 Rf3 60. Kg4 Ne3+ 61. Kxf3 Nxd5 62. Bg6 Ne7 63. Bf7 d5 64. Ke3 Kg7 65. Be8 Nf5+ 66. Kd3 Kh6 67. Bc6 Ne7 68. Be8 Nf5 69. Bf7 Nd6 70. Bxd5 Kxh5 71. Be6 Kh4 72. Ke2 Kg3 73. Ke3 f5 74. Bd5 c4 75. Be6 Kg4 76. Bd5 c3 77. Bb3 Ne4 78. Bd1+ Kg3 79. Bc2 Nd6 80. Bd3 Kg2 81. Ke2 Kg1 82. Ke1 Ne4 83. Ke2 Kg2 84. Ke3 Ng3 85. Bc2 Kh3 86. Kf3 Kh4 87. Bd3 Ne4 88. Bc2 Kh5 89. Ke3 Kg6 90. Kd4 Kf6 91. Bb3 Nf2 92. Ke3 Ne4 93. Kd4 Ng3 94. Ke3 Ke7 95. Bc2 Ke6 96. Bb3+ Kd6 97. Kd3 Nh5 98. Ke3 Kc5 99. Bc2 Ng7 100. Kd3 Kb4 101. Kd4 Nh5 102. Ke5 Ng3 103. Kd4 Nh5 104. Ke5 Ng3 105. Kd4 Ka3 106. Kxc3 Ne2+ 107. Kc4 Nxf4 108. Bxf5 Kxa4 109. Bc2+ Ka5 110. Bf5 Ng2 111. Bd7 Ne3+ 112. Kd4 Nc2+ 113. Kd5 Na3 114. Kc6 Nxb5 115. Kb7 a6 116. Bc6 Nd4 0-1

[Event "GER-chT Federal Cup (Women)"]
[White "Steinbacher, Claudia"]
[Black "Brandt, Carina"]
[Site "Braunfels"]
[Round "4.17"]
[Result "1-0"]
[Date "2019.06.22"]
[WhiteElo "2080"]
[BlackElo "2085"]
[PlyCount "77"]
[EventDate "2019.06.20"]
[EventType "team-swiss"]
[EventRounds "5"]
[EventCountry "GER"]
[SourceTitle "CBM 191 Extra"]
[Source "ChessBase"]
[SourceDate "2019.09.30"]
[SourceVersion "1"]
[SourceVersionDate "2019.09.30"]
[SourceQuality "1"]

1. d4 Nf6 2. c4 g6 3. Nc3 Bg7 4. e4 d6 5. f3 0-0 6. Be3 Nc6 7. Nge2 a6 8. Qd2 e5 9. d5 Na5 10. Ng3 b5 11. c5 dxc5 12. Bxc5 Re8 13. b4 Nb7 14. Be3 Bf8 15. Qb2 Nd6 16. Rb1 c6 17. dxc6 Be6 18. Rd1 Qc7 19. Nd5 Bxd5 20. exd5 Rad8 21. Bg5 Be7 22. h4 Nf5 23. Nxf5 gxf5 24. Bxf6 Bxf6 25. Be2 Rd6 26. Qb3 e4 27. fxe4 Rxe4 28. Kf1 Qe7 29. Bf3 Re3 30. Qc2 Bxh4 31. Rxh4 Qxh4 32. c7 Re5 33. c8Q+ Kg7 34. Q8c3 f6 35. Qc7+ Kh6 36. Qd2+ f4 37. Qxd6 Qh1+ 38. Kf2 Qh4+ 39. Kg1 1-0

[Event "GER-chT Federal Cup (Women)"]
[White "Steinbacher, Claudia"]
[Black "Freitag, Julia"]
[Site "Braunfels"]
[Round "5.2"]
[Result "0-1"]
[Date "2018.06.03"]
[WhiteElo "2049"]
[BlackElo "2136"]
[PlyCount "92"]
[EventDate "2018.05.31"]
[EventType "team-swiss"]
[EventRounds "5"]
[EventCountry "GER"]
[SourceTitle "EXT 2020"]
[Source "ChessBase"]
[SourceDate "2019.10.17"]
[SourceVersion "1"]
[SourceVersionDate "2019.10.17"]
[SourceQuality "1"]
[WhiteTeam "Sachsen (W)"]
[BlackTeam "Nordrhein Westfalen (W)"]
[WhiteTeamCountry "GER"]
[BlackTeamCountry "GER"]

1. d4 d5 2. c4 e6 3. Nc3 f5 4. Bf4 c6 5. c5 Be7 6. Nf3 Nd7 7. h3 Ngf6 8. e3 Ne4 9. Nxe4 fxe4 10. Ne5 Qa5+ 11. Qd2 Qxd2+ 12. Kxd2 Nxe5 13. Bxe5 0-0 14. Bg3 b6 15. b4 a5 16. cxb6 axb4 17. Be2 c5 18. Bb5 Bb7 19. Ke2 Ra5 20. Bd7 Kf7 21. Bc7 Rfa8 22. a4 bxa3 23. Rhc1 c4 24. f3 exf3+ 25. Kxf3 a2 26. Ke2 Bb4 27. Rc2 Ke7 28. Bc6 Bxc6 29. b7 Bxb7 30. Bxa5 Rxa5 31. Rcxa2 Rxa2+ 32. Rxa2 Bc6 33. Ra7+ Kf6 34. Ra6 Bb5 35. Ra8 c3+ 36. Kd1 Kf5 37. Kc2 Ke4 38. Kb3 Kxe3 39. Kxb4 c2 40. Ra1 Kd2 41. Kxb5 c1Q 42. Rxc1 Kxc1 43. Kc5 Kd2 44. Kd6 Ke3 45. Ke5 g5 46. g4 h6 0-1

[Event "GER-chT Federal Cup (Women)"]
[White "Rubina, Tatiana"]
[Black "Steinbacher, Claudia"]
[Site "Braunfels"]
[Round "3.3"]
[Result "0-1"]
[Date "2018.06.01"]
[WhiteElo "1998"]
[BlackElo "2049"]
[PlyCount "126"]
[EventDate "2018.05.31"]
[EventType "team-swiss"]
[EventRounds "5"]
[EventCountry "GER"]
[SourceTitle "EXT 2020"]
[Source "ChessBase"]
[SourceDate "2019.10.17"]
[SourceVersion "1"]
[SourceVersionDate "2019.10.17"]
[SourceQuality "1"]
[WhiteTeam "Baden (W)"]
[BlackTeam "Sachsen (W)"]
[WhiteTeamCountry "GER"]
[BlackTeamCountry "GER"]

1. e4 d6 2. Nc3 g6 3. Bc4 Bg7 4. f4 Nc6 5. Nf3 Bg4 6. Bxf7+ Kf8 7. Bc4 Nd4 8. Be2 Nxe2 9. Qxe2 c6 10. 0-0 Nh6 11. h3 Bd7 12. d3 b5 13. Qf2 Nf7 14. e5 d5 15. Be3 Qc7 16. Bc5 Nd8 17. Qh4 Bc8 18. Rae1 Nb7 19. Qf2 Nxc5 20. Qxc5 Qb6 21. Qxb6 axb6 22. a3 e6 23. Nd4 Bd7 24. g4 Ke7 25. f5 gxf5 26. gxf5 exf5 27. Nxf5+ Bxf5 28. Rxf5 Rhg8 29. Rh5 h6 30. Kf2 Raf8+ 31. Ke3 Rf7 32. Ne2 Bf8 33. Nd4 Rg3+ 34. Ke2 Rg2+ 35. Kd1 c5 36. e6 Rff2 37. Nf5+ Ke8 38. Ne3 Rh2 39. Rxd5 Be7 40. Rf5 Rd2+ 41. Kc1 Bg5 42. b4 Rxc2+ 43. Kb1 Rb2+ 44. Ka1 Ra2+ 45. Kb1 Rhb2+ 46. Kc1 Re2 47. Rxe2 Rxe2 48. Rxg5 hxg5 49. Nd5 Rh2 50. Nxb6 cxb4 51. axb4 Rxh3 52. Kd2 Ke7 53. Nd5+ Kxe6 54. Nc7+ Ke5 55. Nxb5 g4 56. Nc3 Rf3 57. Ke2 Rf8 58. Ne4 Kf4 59. Kf2 Rh8 60. Kg2 g3 61. b5 Rh2+ 62. Kg1 Rb2 63. Nc3 Ke5 0-1

[Event "BL 1718 (Women)"]
[White "Steinbacher, Claudia"]
[Black "V D Weth V Nordheim, Petra"]
[Site "Germany"]
[Round "10.5"]
[Result "1/2-1/2"]
[Date "2018.03.24"]
[WhiteElo "2046"]
[BlackElo "1953"]
[PlyCount "76"]
[EventDate "2017.10.01"]
[EventType "team-tourn"]
[EventRounds "11"]
[EventCountry "GER"]
[SourceTitle "EXT 2019"]
[Source "ChessBase"]
[SourceDate "2018.10.10"]
[SourceVersion "1"]
[SourceVersionDate "2018.10.10"]
[SourceQuality "1"]
[WhiteTeam "Rodewisch (W)"]
[BlackTeam "Erfurt Medizin (W)"]
[WhiteTeamCountry "GER"]
[BlackTeamCountry "GER"]

1. d4 d5 2. c4 e6 3. Nf3 c6 4. e3 Bd6 5. Be2 Nd7 6. Nc3 f5 7. 0-0 Ngf6 8. Nd2 0-0 9. f4 Ne4 10. Nf3 Ndf6 11. Nxe4 Nxe4 12. Ne5 Bd7 13. Bd2 Be8 14. Rb1 a5 15. a3 c5 16. Be1 Rc8 17. cxd5 cxd4 18. exd4 exd5 19. Qb3 Bxe5 20. fxe5 Bc6 21. Bf3 a4 22. Qe3 Bb5 23. Bxe4 Bxf1 24. Bf3 Bc4 25. Bb4 Re8 26. e6 Qf6 27. Re1 Rc6 28. e7 Kf7 29. Qe5 Qxe5 30. Rxe5 g6 31. Bxd5+ Bxd5 32. Rxd5 Rc2 33. Rd7 Rxb2 34. Rxb7 Rc8 35. h3 Rc1+ 36. Kh2 Rcc2 37. Rb8 Rxg2+ 38. Kh1 Rh2+ 1/2-1/2

[Event "BL 1718 (Women)"]
[White "Steinbacher, Claudia"]
[Black "Roessler, Ulrike"]
[Site "Germany"]
[Round "7.5"]
[Result "0-1"]
[Date "2018.01.28"]
[WhiteElo "2046"]
[BlackElo "2117"]
[PlyCount "102"]
[EventDate "2017.10.01"]
[EventType "team-tourn"]
[EventRounds "11"]
[EventCountry "GER"]
[SourceTitle "EXT 2019"]
[Source "ChessBase"]
[SourceDate "2018.10.10"]
[SourceVersion "1"]
[SourceVersionDate "2018.10.10"]
[SourceQuality "1"]
[WhiteTeam "Rodewisch (W)"]
[BlackTeam "Hofheim (W)"]
[WhiteTeamCountry "GER"]
[BlackTeamCountry "GER"]

1. d4 d6 2. c4 e5 3. Nc3 exd4 4. Qxd4 Nc6 5. Qd2 Nf6 6. e4 g6 7. b3 Bg7 8. Bb2 0-0 9. Bd3 Re8 10. Nge2 Ne5 11. 0-0-0 Nxd3+ 12. Qxd3 a5 13. f3 Nd7 14. Na4 Qg5+ 15. Kb1 Bxb2 16. Nxb2 Ne5 17. Qc3 Qxg2 18. Nf4 Qxf3 19. Qxf3 Nxf3 20. Nd5 Rxe4 21. Nxc7 Rb8 22. Rxd6 Bf5 23. Ka1 Re2 24. h4 Ne1 25. a3 h5 26. Nb5 Nc2+ 27. Ka2 Rbe8 28. Rhd1 Rh2 29. Rd8 Rxd8 30. Rxd8+ Kg7 31. Nd6 Rxh4 32. Nxb7 Rd4 33. Re8 h4 34. Re2 h3 35. c5 g5 36. Nd6 Be6 37. Rxc2 g4 38. Nbc4 g3 39. Ne3 Kf6 40. Ndc4 h2 41. Rc1 Ke7 42. Kb2 f5 43. Kc3 Rh4 44. Rh1 Re4 45. Ng2 f4 46. Nd2 Bh3 47. Nh4 Re3+ 48. Kd4 Kd8 49. b4 Bd7 50. Ng2 Bc6 51. Nxf4 Bxh1 0-1

[Event "BL 1718 (Women)"]
[White "Haussernot, Cecile"]
[Black "Steinbacher, Claudia"]
[Site "Germany"]
[Round "3.6"]
[Result "1-0"]
[Date "2017.11.19"]
[WhiteElo "2136"]
[BlackElo "2049"]
[PlyCount "59"]
[EventDate "2017.10.01"]
[EventType "team-tourn"]
[EventRounds "11"]
[EventCountry "GER"]
[SourceTitle "EXT 2019"]
[Source "ChessBase"]
[SourceDate "2018.10.10"]
[SourceVersion "1"]
[SourceVersionDate "2018.10.10"]
[SourceQuality "1"]
[WhiteTeam "Baden-Baden (W)"]
[BlackTeam "Rodewisch (W)"]
[WhiteTeamCountry "GER"]
[BlackTeamCountry "GER"]

1. e4 d6 2. d4 g6 3. Nc3 Bg7 4. Be3 Nf6 5. h3 c6 6. Qd2 Nbd7 7. Bd3 0-0 8. Nge2 e5 9. g4 b5 10. Ng3 Nb6 11. g5 Nfd7 12. Nce2 a6 13. c3 Nc4 14. Bxc4 bxc4 15. h4 Qa5 16. f4 exd4 17. Nxd4 Qc7 18. h5 Re8 19. 0-0-0 Nc5 20. hxg6 fxg6 21. Qh2 Bxd4 22. Bxd4 Nd3+ 23. Rxd3 cxd3 24. f5 Qf7 25. Qh6 Re5 26. Nh5 gxh5 27. g6 Qg7 28. gxh7+ Kh8 29. Qxd6 Qg5+ 30. Kb1 1-0

[Event "BL 1617 (Women)"]
[White "Steinbacher, Claudia"]
[Black "Heinemann, Josefine"]
[Site "Germany"]
[Round "10.6"]
[Result "0-1"]
[Date "2017.04.30"]
[WhiteElo "2068"]
[BlackElo "2242"]
[PlyCount "88"]
[EventDate "2016.10.22"]
[EventType "team-tourn"]
[EventRounds "11"]
[EventCountry "GER"]
[SourceTitle "EXT 2018"]
[Source "ChessBase"]
[SourceDate "2017.10.13"]
[SourceVersion "1"]
[SourceVersionDate "2017.10.13"]
[SourceQuality "1"]
[WhiteTeam "Rodewisch (W)"]
[BlackTeam "Baden-Baden (W)"]
[WhiteTeamCountry "GER"]
[BlackTeamCountry "GER"]

1. d4 Nf6 2. c4 g6 3. Nc3 d5 4. e3 Bg7 5. Qb3 e6 6. Nf3 c6 7. a4 a5 8. Be2 0-0 9. 0-0 Na6 10. Ne5 Ne4 11. f3 Nd6 12. c5 Ne8 13. f4 Nb4 14. Na2 Nxa2 15. Rxa2 Nf6 16. Bf3 Nd7 17. Nxd7 Qxd7 18. Bd2 Qc7 19. Rc1 f6 20. Raa1 Kh8 21. Re1 Bd7 22. Rad1 Rfb8 23. Bc3 b6 24. cxb6 Rxb6 25. Qc2 Kg8 26. Qd2 Rbb8 27. Rc1 Bf8 28. e4 Bd6 29. g3 Qb6 30. Kh1 Kg7 31. e5 fxe5 32. fxe5 Be7 33. Rf1 Rf8 34. Bg2 Qb3 35. Ra1 Rxf1+ 36. Bxf1 c5 37. dxc5 Bxc5 38. Qg5 Rf8 39. Bd2 Qxb2 40. Re1 Rf2 41. Qh6+ Kg8 42. Bg5 d4 43. Qh3 Bc6+ 44. Kg1 Rf5 0-1

[Event "GER-chT Federal Cup (Women)"]
[White "Steinbacher, Claudia"]
[Black "Sadewasser, Lucie"]
[Site "Braunfels"]
[Round "3.1"]
[Result "1-0"]
[Date "2016.05.27"]
[WhiteElo "2002"]
[BlackElo "1647"]
[PlyCount "79"]
[EventDate "2016.05.26"]
[EventType "team-swiss"]
[EventRounds "5"]
[EventCountry "GER"]
[SourceTitle "EXT 2019"]
[Source "ChessBase"]
[SourceDate "2018.10.10"]
[SourceVersion "1"]
[SourceVersionDate "2018.10.10"]
[SourceQuality "1"]
[WhiteTeam "Sachsen (W)"]
[BlackTeam "Mecklenburg Vorpommern (W)"]
[WhiteTeamCountry "GER"]
[BlackTeamCountry "GER"]

1. d4 Nf6 2. c4 c5 3. d5 b5 4. Nf3 d6 5. Qc2 g6 6. e4 Bg7 7. cxb5 a6 8. Nc3 0-0 9. Be3 Qa5 10. Bd2 axb5 11. Nxb5 Qb6 12. a4 Ba6 13. Rb1 Nbd7 14. h3 Ne8 15. Bc4 Nc7 16. a5 Qb7 17. Nxc7 Qxc7 18. 0-0 Bxc4 19. Qxc4 Rfb8 20. b4 Qb7 21. b5 Ne5 22. Nxe5 Bxe5 23. Kh1 Qd7 24. f4 Bg7 25. Rfe1 Bh6 26. b6 Qb7 27. e5 dxe5 28. Rxe5 Bg7 29. Re2 Rd8 30. Qxc5 Rxd5 31. Rxe7 Bf8 32. Rxb7 Bxc5 33. Be1 Be3 34. g3 Bd2 35. Ra7 Re8 36. Bxd2 Rxd2 37. b7 Rb8 38. Ra8 Rdd8 39. Rxb8 Rxb8 40. a6 1-0

[Event "BL 1516 (Women)"]
[White "Steinbacher, Claudia"]
[Black "Skogvall, Martina"]
[Site "Germany"]
[Round "10.5"]
[Result "1-0"]
[Date "2016.03.19"]
[WhiteElo "2119"]
[BlackElo "2019"]
[PlyCount "103"]
[EventDate "2015.09.26"]
[EventType "team-tourn"]
[EventRounds "11"]
[EventCountry "GER"]
[SourceTitle "EXT 2017"]
[Source "ChessBase"]
[SourceDate "2016.10.25"]
[SourceVersion "1"]
[SourceVersionDate "2016.10.25"]
[SourceQuality "1"]
[WhiteTeam "Rodewisch (W)"]
[BlackTeam "Grosslehna (W)"]
[WhiteTeamCountry "GER"]
[BlackTeamCountry "GER"]

1. d4 Nf6 2. c4 e6 3. Nf3 b6 4. Bg5 Bb7 5. e3 h6 6. Bxf6 Qxf6 7. Nc3 Bb4 8. Rc1 0-0 9. a3 Bxc3+ 10. Rxc3 d6 11. Be2 Nd7 12. 0-0 a5 13. Qc2 e5 14. b4 axb4 15. axb4 Rfe8 16. d5 Nf8 17. e4 g5 18. Nd2 Ng6 19. g3 Qg7 20. c5 bxc5 21. bxc5 Bc8 22. Kh1 Rf8 23. cxd6 cxd6 24. Nc4 Bh3 25. Rg1 f5 26. Nxd6 Qd7 27. Nxf5 Bxf5 28. exf5 Qxf5 29. Qxf5 Rxf5 30. Kg2 Ra2 31. Rf3 Rxf3 32. Bxf3 Kf8 33. Rb1 Rd2 34. Rd1 Rxd1 35. Bxd1 Ke7 36. Kf3 Kd6 37. Ke4 Ne7 38. Bb3 h5 39. h3 h4 40. Ba2 hxg3 41. fxg3 Ng6 42. Kf5 Ne7+ 43. Kxg5 Nxd5 44. h4 e4 45. Bc4 e3 46. h5 Ke5 47. h6 Nf6 48. Kg6 Nd7 49. h7 Nf8+ 50. Kh6 Nxh7 51. Kxh7 Kf5 52. Be2 1-0

[Event "GER-chT Federal Cup (Women)"]
[White "Steinbacher, Claudia"]
[Black "Krasnopeyeva, Julia"]
[Site "Braunfels"]
[Round "4.2"]
[Result "1/2-1/2"]
[Date "2015.06.06"]
[WhiteElo "2051"]
[BlackElo "1896"]
[PlyCount "134"]
[EventDate "2015.06.04"]
[EventType "team-swiss"]
[EventRounds "5"]
[EventCountry "GER"]
[SourceTitle "CBM 167 Extra"]
[Source "ChessBase"]
[SourceDate "2015.09.14"]
[SourceVersion "1"]
[SourceVersionDate "2015.09.14"]
[SourceQuality "1"]
[WhiteTeam "Sachsen (W)"]
[BlackTeam "Rheinland Pfalz (W)"]
[WhiteTeamCountry "GER"]
[BlackTeamCountry "GER"]

1. d4 Nf6 2. c4 g6 3. Nc3 Bg7 4. e4 d6 5. f3 0-0 6. Be3 a6 7. Nge2 Nbd7 8. g4 c5 9. dxc5 Nxc5 10. Qd2 Nfd7 11. Ng3 Ne5 12. 0-0-0 Qa5 13. Be2 b5 14. Bxc5 dxc5 15. Kb1 Kh8 16. Nd5 Qxd2 17. Rxd2 Be6 18. Nc7 Rac8 19. Nxe6 fxe6 20. cxb5 axb5 21. Rf1 Bh6 22. Rdd1 c4 23. h4 Bf4 24. Rg1 Be3 25. Rgf1 Bf4 26. Nh1 Ra8 27. Nf2 Rad8 28. Nh3 Rxd1+ 29. Bxd1 Nd3 30. Nxf4 Nxf4 31. Rf2 Rd8 32. Bc2 e5 33. Rh2 h6 34. h5 g5 35. a3 Ne6 36. Kc1 Nd4 37. Bd1 Kg7 38. Rf2 Kf6 39. Kd2 Ke6 40. Kc3 Kd6 41. b3 cxb3 42. Bxb3 Kc5 43. Rf1 Rf8 44. Bd1 Ra8 45. Kb2 Kc4 46. Bc2 Nxc2 47. Rc1 Rxa3 48. Rxc2+ Kb4 49. Rc6 Rxf3 50. Rxh6 Rf2+ 51. Kc1 Kc3 52. Kd1 Kd3 53. Kc1 Kxe4 54. Rb6 Kf4 55. Rxb5 Kxg4 56. Rxe5 Rf7 57. h6 Rh7 58. Kd2 Kf4 59. Re2 g4 60. Ke1 Kg5 61. Re6 Kf5 62. Ra6 e6 63. Ra5+ Kg6 64. Re5 Re7 65. Kf2 Kxh6 66. Kg3 Rg7 67. Rxe6+ Kg5 1/2-1/2

[Event "Chemnitz op"]
[White "Meijers, Viesturs"]
[Black "Steinbacher, Claudia"]
[Site "Chemnitz"]
[Round "3"]
[Result "1-0"]
[Date "2014.10.03"]
[WhiteElo "2481"]
[BlackElo "2119"]
[PlyCount "107"]
[EventDate "2014.10.02"]
[EventType "swiss"]
[EventRounds "7"]
[EventCountry "GER"]
[SourceTitle "CBM 162 Extra"]
[Source "ChessBase"]
[SourceDate "2014.10.17"]
[SourceVersion "1"]
[SourceVersionDate "2014.10.17"]
[SourceQuality "1"]

1. d4 d6 2. e4 g6 3. Nc3 Bg7 4. Be3 Nd7 5. Be2 c6 6. Qd2 Qc7 7. h4 h5 8. Nh3 a6 9. Ng5 Nh6 10. a4 b6 11. Bc4 Nf6 12. f3 e6 13. Bf4 Qe7 14. Bb3 d5 15. 0-0-0 Bb7 16. Rde1 Qd7 17. Be5 Kf8 18. Qf4 Ne8 19. exd5 exd5 20. Ne6+ Kg8 21. Nxg7 Nxg7 22. Bf6 Re8 23. Rxe8+ Qxe8 24. Kd2 Kh7 25. Re1 Qb8 26. Be5 Qc8 27. Qf6 Rg8 28. Ne2 Ne6 29. Ng1 b5 30. Nh3 Qd8 31. Ng5+ Nxg5 32. hxg5 Qxf6 33. Bxf6 Nf5 34. g4 Nd6 35. gxh5 gxh5 36. c3 Bc8 37. Rh1 Kg6 38. Bd1 Bf5 39. Kc1 Re8 40. Be5 Nc4 41. f4 Bg4 42. Bc2+ Bf5 43. Bxf5+ Kxf5 44. Rxh5 bxa4 45. Rh7 Re7 46. Rg7 Ke6 47. g6 fxg6 48. Rxg6+ Kd7 49. Kb1 a3 50. b3 Nd2+ 51. Ka2 Ne4 52. c4 dxc4 53. bxc4 Nd2 54. Rd6+ 1-0

[Event "BL 1415 (Women)"]
[White "Steinbacher, Claudia"]
[Black "Lauterbach, Ingrid"]
[Site "Germany"]
[Round "2.5"]
[Result "1-0"]
[Date "2014.09.28"]
[WhiteElo "2119"]
[BlackElo "2095"]
[PlyCount "77"]
[EventDate "2014.09.27"]
[EventType "team-tourn"]
[EventRounds "11"]
[EventCountry "GER"]
[SourceTitle "CBM 162 Extra"]
[Source "ChessBase"]
[SourceDate "2014.10.17"]
[SourceVersion "1"]
[SourceVersionDate "2014.10.17"]
[SourceQuality "1"]
[WhiteTeam "Rodewisch (W)"]
[BlackTeam "Deizisau (W)"]
[WhiteTeamCountry "GER"]
[BlackTeamCountry "GER"]

1. d4 d6 2. c4 e5 3. Nc3 exd4 4. Qxd4 Nf6 5. e4 Nc6 6. Qd2 a5 7. f3 Be6 8. b3 Ne5 9. Nge2 Nh5 10. Ng3 Qh4 11. Qg5 Qxg5 12. Bxg5 Nxg3 13. hxg3 f6 14. Be3 c6 15. Kf2 Be7 16. Be2 0-0 17. g4 g6 18. Rh6 Rf7 19. Rc1 Bf8 20. Rhh1 Re8 21. Rhd1 f5 22. gxf5 gxf5 23. Kg1 Nd7 24. Bd2 Nf6 25. Bd3 fxe4 26. Nxe4 Nxe4 27. Bxe4 d5 28. cxd5 cxd5 29. Bd3 Ra8 30. Re1 Bd7 31. Re5 Bc6 32. a4 Bg7 33. Re6 Bd4+ 34. Kf1 Bb6 35. Rce1 Rd8 36. Bg5 Rdd7 37. Bh6 Rd8 38. Re7 Rd6 39. Re8+ 1-0

[Event "GER-chT Federal Cup (Women)"]
[White "Steinbacher, Claudia"]
[Black "Kryger, Oksana"]
[Site "Braunfels"]
[Round "1.1"]
[Result "1-0"]
[Date "2013.05.30"]
[WhiteElo "2125"]
[BlackElo "2133"]
[PlyCount "117"]
[EventDate "2013.05.30"]
[EventType "team-swiss"]
[EventRounds "5"]
[EventCountry "GER"]
[SourceTitle "EXT 2014"]
[Source "ChessBase"]
[SourceDate "2013.11.20"]
[SourceVersion "1"]
[SourceVersionDate "2013.11.20"]
[SourceQuality "1"]
[WhiteTeam "Sachsen (W)"]
[BlackTeam "Nordrhein Westfalen (W)"]
[WhiteTeamCountry "GER"]
[BlackTeamCountry "GER"]

1. d4 Nf6 2. c4 e6 3. Nf3 Bb4+ 4. Bd2 Qe7 5. Nc3 Bxc3 6. Bxc3 Ne4 7. Qc2 d5 8. e3 Nd7 9. Bd3 Nxc3 10. Qxc3 Nf6 11. 0-0 0-0 12. Rac1 c6 13. Qb3 Ne4 14. Rfd1 f5 15. Ne5 Rf6 16. f3 Ng5 17. f4 Ne4 18. Bxe4 fxe4 19. c5 Rh6 20. Rd2 Qc7 21. Rf1 Bd7 22. Rdf2 Rf6 23. Qa4 Rff8 24. Qd1 Rf6 25. g4 Raf8 26. g5 Rf5 27. Rg2 Be8 28. Rg3 Qd8 29. Kh1 Bg6 30. Rfg1 Qe8 31. Rh3 Qd8 32. Qa4 Qb8 33. Nd7 Qc8 34. Nxf8 Rxf8 35. Rhg3 Bh5 36. Rf1 Qb8 37. Kg1 Rf5 38. b4 Be2 39. Rf2 Bb5 40. Qd1 Qe8 41. Rfg2 Bd3 42. Rh3 a6 43. Rg4 g6 44. Rh6 Qf8 45. Rgh4 Rf7 46. Qg4 Qe7 47. Rh3 Rg7 48. Rg3 Qf7 49. h4 Qf5 50. Kf2 Bc4 51. a3 Bd3 52. h5 Bc2 53. Ke1 Bd3 54. Qh4 Qf7 55. Rh3 e5 56. hxg6 Rxg6 57. Rxh7 Qf5 58. Rh8+ Kf7 59. Qh7+ 1-0

[Event "BL 1213 (Women)"]
[White "Vogel, Heike"]
[Black "Steinbacher, Claudia"]
[Site "Germany"]
[Round "11.4"]
[Result "0-1"]
[Date "2013.03.10"]
[WhiteElo "2153"]
[BlackElo "2134"]
[PlyCount "100"]
[EventDate "2012.10.06"]
[EventType "team-tourn"]
[EventRounds "11"]
[EventCountry "GER"]
[SourceTitle "EXT 2014"]
[Source "ChessBase"]
[SourceDate "2013.11.20"]
[SourceVersion "1"]
[SourceVersionDate "2013.11.20"]
[SourceQuality "1"]
[WhiteTeam "Muelheim Nord (W)"]
[BlackTeam "Rodewisch (W)"]
[WhiteTeamCountry "GER"]
[BlackTeamCountry "GER"]

1. d4 c5 2. Nf3 d5 3. Bf4 Nc6 4. e3 Bg4 5. c3 e6 6. h3 Bh5 7. g4 Bg6 8. Nbd2 cxd4 9. exd4 h6 10. Qb3 Qc8 11. Bg2 Nf6 12. 0-0 Be7 13. Ne5 Nxe5 14. Bxe5 0-0 15. f4 Nd7 16. f5 Nxe5 17. dxe5 exf5 18. Bxd5 fxg4 19. e6 Qc5+ 20. Kh1 Qe3 21. exf7+ Kh7 22. Nf3 gxf3 23. Rxf3 Qe5 24. Rg1 Be4 25. Bxe4+ Qxe4 26. c4 Rxf7 27. Qd3 Qxd3 28. Rxd3 Bf6 29. b3 Re8 30. Rgd1 Rfe7 31. a4 Re1+ 32. Rxe1 Rxe1+ 33. Kg2 Rc1 34. Rd7 Rc2+ 35. Kf1 b6 36. Rxa7 Rc3 37. a5 bxa5 38. Rxa5 Rxb3 39. Kg2 Rc3 40. Rc5 Kg6 41. Rc8 Kf5 42. Rc7 Ke4 43. h4 Kd4 44. h5 Rxc4 45. Rxc4+ Kxc4 46. Kf3 Kd5 47. Kf4 Ke6 48. Ke4 Bb2 49. Kf4 Kf6 50. Kg4 Bc1 0-1

[Event "BL 1213 (Women)"]
[White "Steinbacher, Claudia"]
[Black "Lehmann, Christina"]
[Site "Germany"]
[Round "1.5"]
[Result "1/2-1/2"]
[Date "2012.10.06"]
[WhiteElo "2134"]
[BlackElo "2078"]
[PlyCount "112"]
[EventDate "2012.10.06"]
[EventType "team-tourn"]
[EventRounds "11"]
[EventCountry "GER"]
[SourceTitle "EXT 2013"]
[Source "ChessBase"]
[SourceDate "2012.11.22"]
[SourceVersion "1"]
[SourceVersionDate "2012.11.22"]
[SourceQuality "1"]
[WhiteTeam "Rodewisch (W)"]
[BlackTeam "Grosslehna (W)"]
[WhiteTeamCountry "GER"]
[BlackTeamCountry "GER"]

1. d4 c5 2. d5 e5 3. c4 d6 4. Nc3 Ne7 5. e4 Ng6 6. f3 Be7 7. Be3 Bg5 8. Bf2 Na6 9. g3 0-0 10. h4 Bh6 11. g4 f6 12. Nge2 Nf4 13. Nxf4 Bxf4 14. Bd3 Bd7 15. a3 Rb8 16. Qe2 Nc7 17. b4 b6 18. Be3 Bxe3 19. Qxe3 Qe7 20. b5 g6 21. Kd2 Kh8 22. Rag1 Rg8 23. Ne2 a6 24. a4 axb5 25. axb5 Ra8 26. Ra1 Rxa1 27. Rxa1 Ra8 28. Rxa8+ Nxa8 29. Qg1 Qd8 30. Qa1 Qb8 31. g5 fxg5 32. hxg5 Kg8 33. Ke3 Nc7 34. f4 Ne8 35. f5 Ng7 36. Ng3 Nh5 37. Nxh5 gxh5 38. Be2 Be8 39. Kf2 Qd8 40. f6 Qb8 41. Kg3 Bg6 42. Bf3 h6 43. Kh4 Kh7 44. Qg1 Qe8 45. gxh6 Qf8 46. Qg5 Qxh6 47. Bg2 Qxg5+ 48. Kxg5 Bf7 49. Bh3 Bg6 50. Bf5 Bxf5 51. Kxf5 h4 52. Kg4 Kg6 53. Kxh4 Kxf6 54. Kh5 Kf7 55. Kg5 Kg7 56. Kf5 Kf7 1/2-1/2